01026nam a22002657a 45000010005000000030006000050050017000110080041000280200018000690400029000870500013001160820010001291000017001392450083001562600038002393000043002774900023003205050008003435200270003515210020006215210020006416500030006616500036006917000033007275170FISKH20241108123336.0241108b cb ||||| |||| 00| 0 eng d a9781407103020 aFISKHbengcFISKHdFISKH aD522.D43 a940.3 aDeary, Terry aThe Frightful First World War /cby Terry Deary : illustrated by Martin Brown  aNew York : bScholastic ;c1998 . a140 pages : billustration : c21 cm . aHorrible Histories aZ  aAll the foul facts about the Frightful First World War are ready to uncover, including what the 'Fat King' did with food scraps and dead horses, how sniffing your own pee could save your life in a gas attack and why a pair of old socks gave away top German secrets.8 a900 bLexile 8 aZ bRaz-Plus  a20th centuryvnon-fiction aChildren's Historyvnon-fiction aBrown, Martin eillustrator